Introduction to Frustrated Magnetism (Record no. 21021)
[ view plain ]
| 000 -LEADER | |
|---|---|
| fixed length control field | 00922nam a2200277Ia 4500 |
| 003 - CONTROL NUMBER IDENTIFIER | |
| control field | IN-BaIIA |
| 008 - FIXED-LENGTH DATA ELEMENTS--GENERAL INFORMATION | |
| fixed length control field | 211028s9999 xx s 000 0 eng d |
| 020 ## - INTERNATIONAL STANDARD BOOK NUMBER | |
| International Standard Book Number | 978-3-642-10588-3 (Print) |
| 020 ## - INTERNATIONAL STANDARD BOOK NUMBER | |
| International Standard Book Number | 978-3-642-10589-0 (Online) |
| 022 ## - INTERNATIONAL STANDARD SERIAL NUMBER | |
| International Standard Serial Number | 0171-1873 (Print) |
| 022 ## - INTERNATIONAL STANDARD SERIAL NUMBER | |
| International Standard Serial Number | 2197-4179 (Online) |
| 040 ## - CATALOGING SOURCE | |
| Transcribing agency | IIA Library |
| 100 ## - MAIN ENTRY--PERSONAL NAME | |
| Personal name | Lacroix, Claudine |
| 9 (RLIN) | 38979 |
| 245 #0 - TITLE STATEMENT | |
| Title | Introduction to Frustrated Magnetism |
| Medium | [eBook] |
| 260 ## - PUBLICATION, DISTRIBUTION, ETC. | |
| Place of publication, distribution, etc. | Heidelberg, Berlin |
| Name of publisher, distributor, etc. | Springer Berlin Heidelberg |
| Date of publication, distribution, etc. | 2011 |
| 300 ## - PHYSICAL DESCRIPTION | |
| Extent | Online resource |
| 490 ## - SERIES STATEMENT | |
| Series statement | Springer Series in Solid-State Sciences |
| 650 ## - SUBJECT ADDED ENTRY--TOPICAL TERM | |
| Topical term or geographic name entry element | Engineering, general |
| 9 (RLIN) | 38570 |
| 650 ## - SUBJECT ADDED ENTRY--TOPICAL TERM | |
| Topical term or geographic name entry element | Magnetism, Magnetic Materials |
| 9 (RLIN) | 38435 |
| 650 ## - SUBJECT ADDED ENTRY--TOPICAL TERM | |
| Topical term or geographic name entry element | Structural Materials |
| 650 ## - SUBJECT ADDED ENTRY--TOPICAL TERM | |
| Topical term or geographic name entry element | Physics |
| 9 (RLIN) | 73 |
| 700 ## - ADDED ENTRY--PERSONAL NAME | |
| Personal name | Mendels, Philippe |
| 9 (RLIN) | 38980 |
| 700 ## - ADDED ENTRY--PERSONAL NAME | |
| Personal name | Mila, Frederic |
| 9 (RLIN) | 38981 |
| 856 ## - ELECTRONIC LOCATION AND ACCESS | |
| Uniform Resource Identifier | <a href="http://doi.org/10.1007/978-3-642-10589-0">http://doi.org/10.1007/978-3-642-10589-0</a> |
| Link text | Click Here to Access eBook |
| 942 ## - ADDED ENTRY ELEMENTS (KOHA) | |
| Koha item type | eBooks |
| Withdrawn status | Lost status | Damaged status | Not for loan | Home library | Current library | Date acquired | Source of acquisition | Serial Enumeration / chronology | Total Checkouts | Barcode | Date last seen | Uniform Resource Identifier | Price effective from | Koha item type |
|---|---|---|---|---|---|---|---|---|---|---|---|---|---|---|
| IIA Library-Bangalore | IIA Library-Bangalore | 01/01/2013 | Springer | V. 164 | EB481 | 05/11/2021 | http://doi.org/10.1007/978-3-642-10589-0 | 05/11/2021 | eBooks |